Statystyki dla Kantony Szwajcarii graniczące z Francją

Kliknij tutaj aby rozwiązać quiz!

Ogólne statystyki

  • Ten quiz został rozwiązany 28 razy
  • Średni wynik to 4 z 8

Statystyki odpowiedzi

Kanton% Poprawnych
Genewa
94%
Bazylea-Miasto
69%
Bazylea-Okręg
63%
Jura
50%
Neuchâtel
50%
Valais
50%
Vaud
50%
Solothurn
13%

Rozkład punktacji

Percentyl według liczby udzielonych odpowiedzi

Procent ludzi z każdym wynikiem

Twoja historia wyników

Nie rozwiązałeś tego quizu